000 00503nam a2200217Ia 4500
008 210210b1964 xxu||||| |||| 00| 0 eng d
041 _aeng
082 _a425/257
100 _aREGO ( A G)
245 _aAids to English composition Part V essays
260 _aAllahabad
_bSt Paul Publications
_c1964
650 _aV
650 _ato
650 _aPart
650 _aessays
650 _aEnglish
650 _acomposition
650 _aAids
690 _aEnglish Language
906 _a006033
999 _c129022
_d129022